Detalles MARC
| 000 -LEADER |
| fixed length control field |
02066cam a2200301 a 4500 |
| 003 - CONTROL NUMBER IDENTIFIER |
| control field |
OSt |
| 005 - DATE AND TIME OF LATEST TRANSACTION |
| control field |
20201002102409.0 |
| 008 - FIXED-LENGTH DATA ELEMENTS--GENERAL INFORMATION |
| fixed length control field |
020301s2001 ck r 000 0 spa d |
| 020 ## - INTERNATIONAL STANDARD BOOK NUMBER |
| International Standard Book Number |
9589203698 |
| 040 ## - CATALOGING SOURCE |
| Original cataloging agency |
CO-BoPUJ |
| Transcribing agency |
CO-JMCR |
| 041 0# - LANGUAGE CODE |
| Language code of text/sound track or separate title |
spa |
| 082 04 - DEWEY DECIMAL CLASSIFICATION NUMBER |
| Classification number |
332 / |
| Item number |
C758c |
| Edition number |
23 |
| 100 1# - MAIN ENTRY--PERSONAL NAME |
| Personal name |
Constantinesco, Vlad, |
| Relator term |
autor |
| 9 (RLIN) |
11127 |
| 245 00 - TITLE STATEMENT |
| Title |
Crisis económica y finanzas públicas |
| Statement of responsibility, etc. |
Vlad Constantinesco...[et al.] ; editores William Zambrano Cetina y Liliana Lizarazo Rodríguez ; presentación Marco Gerardo Monroy Cabra |
| 250 ## - EDITION STATEMENT |
| Edition statement |
Primera edición |
| 260 ## - PUBLICATION, DISTRIBUTION, ETC. |
| Place of publication, distribution, etc. |
Bogotá : |
| Name of publisher, distributor, etc. |
Universidad del Rosario, |
| Date of publication, distribution, etc. |
2001. |
| 300 ## - PHYSICAL DESCRIPTION |
| Extent |
278 páginas ; |
| Dimensions |
24 cm. |
| 490 0# - SERIES STATEMENT |
| Series statement |
Colección Textos de Jurisprudencia |
| 504 ## - BIBLIOGRAPHY, ETC. NOTE |
| Bibliography, etc. note |
Incluye referencias bibliográficas. |
| 505 0# - FORMATTED CONTENTS NOTE |
| Title |
Aspectos de la economía política de las finanzas públicas en Sudeste Asiático. / |
| Statement of responsibility |
Philippe de Lombarerde. -- |
| Title |
La constitución económica colombiana: ¿un instrumento eficaz contra la crisis?. / |
| Statement of responsibility |
Carlos lleras de la Fuente. -- |
| Title |
Hacia una nueva metodología de intervención estatal. / |
| Statement of responsibility |
William Zambrano Cetina. -- |
| Title |
La banca central europea y los nuevos reos de las instituciones europeas. / |
| Statement of responsibility |
Vlad Constantinesco -- |
| Title |
Los equilibrios macroeconómicos y el banco central: el caso colombiano. / |
| Statement of responsibility |
Salomón Kalmanovitz. -- |
| Title |
Crisis cambiaria y equilibrios macroeconómicos en el área latinoamericana. / |
| Statement of responsibility |
Carlos Ossa Escobar. -- |
| Title |
El presupuesto. / |
| Statement of responsibility |
Mauricio Alfredo Plazas Vega. -- |
| Title |
Déficit fiscal y la reorientación del gasto público. / |
| Statement of responsibility |
Gabriel Rosas Vega |
| Title |
Desarrollo normativo del situado fiscal: necesidad de un análisis económico del sistema del sistema jurídico vigente. / |
| Statement of responsibility |
Liliana LIzarazo Rodríguez. |
| 650 24 - SUBJECT ADDED ENTRY--TOPICAL TERM |
| Topical term or geographic name entry element |
Hacienda pública |
| Form subdivision |
Congresos |
| 9 (RLIN) |
11128 |
| 650 24 - SUBJECT ADDED ENTRY--TOPICAL TERM |
| Topical term or geographic name entry element |
Crisis económica |
| Geographic subdivision |
Asia |
| Form subdivision |
Congresos |
| 9 (RLIN) |
11129 |
| 650 24 - SUBJECT ADDED ENTRY--TOPICAL TERM |
| Topical term or geographic name entry element |
Política monetaria |
| Form subdivision |
Congresos |
| 9 (RLIN) |
11130 |
| 700 1# - ADDED ENTRY--PERSONAL NAME |
| Personal name |
Zambrano Cetina, William |
| Relator term |
editor |
| 9 (RLIN) |
2862 |
| 700 1# - ADDED ENTRY--PERSONAL NAME |
| Personal name |
Lizarazo Rodríguez, Liliana |
| Relator term |
editora |
| 9 (RLIN) |
5712 |
| 700 1# - ADDED ENTRY--PERSONAL NAME |
| Personal name |
Monroy Cabra, Marco Gerardo |
| Relator term |
prologuista |
| 9 (RLIN) |
7938 |
| 942 ## - ADDED ENTRY ELEMENTS (KOHA) |
| Source of classification or shelving scheme |
Dewey Decimal Classification |
| Koha item type |
Books |